La Colección arqueológica 'Víctor Català' / J. Maluquer de Motes
Descripción Física:
v. ; 25 cm
Colección:
Publicaciones eventuales ; 14
MARC
| LEADER | 00000nam a2200000Ia 4500 | ||
|---|---|---|---|
| 001 | 8900 | ||
| 008 | 160829s1969 xx 000 0 cat d | ||
| 080 | |a B-1-115 | ||
| 100 | 1 | |a Maluquer de Motes, Joan, |d 1915-1988 |9 30020 | |
| 245 | |a La Colección arqueológica 'Víctor Català' / J. Maluquer de Motes | ||
| 260 | |a Barcelona : |b Instituto de Arqueología y Prehistoria. Universidad de Barcelona, |c 1969 | ||
| 300 | |a v. ; |c 25 cm | ||
| 490 | |a Publicaciones eventuales ; 14 | ||
| 650 | |a Monedes antigues |x Empúries (Ciutat antiga) |9 33116 | ||
| 650 | |a Numismàtica antiga |x Empúries (Ciutat antiga) |9 30789 | ||
| 710 | 2 | |a Universitat de Barcelona. |b Institut d'Arqueologia i Prehistòria |9 52757 | |
| 866 | |a vbcrlfVol. I : Monedas ampuritanas, massaliotas e ibéricas halladas en Ampurias. |x 67 p. | ||
| 901 | |a Arxiu | ||
| 942 | |n 1 | ||
| 952 | |0 0 |1 0 |4 0 |6 B1115 |7 1 |9 45526 |a Arxiu |b Arxiu |d 2016-12-01 |l 0 |o B-1-115 |p 8900 |r 2016-12-01 00:00:00 |w 2016-12-01 |y ARXIU | ||
| 999 | |c 48691 |d 48691 | ||